[Event "Berlin Hellersdorf op"]
[Site "Berlin"]
[Date "2010.01.09"]
[Round "3"]
[White "Buchallik, Jakob"]
[Black "Wendlandt, Ralph"]
[Result "0-1"]
[WhiteElo "1072"]
[BlackElo "1727"]
[PlyCount "64"]
[EventDate "2010.01.08"]
[EventType "swiss"]
[EventRounds "5"]
[EventCountry "GER"]
[SourceTitle "EXT 2012"]
[Source "ChessBase"]
[SourceDate "2011.11.24"]
[SourceVersion "1"]
[SourceVersionDate "2011.11.24"]
[SourceQuality "1"]

1. e4 c5 2. Nf3 Nc6 3. d4 cxd4 4. Nxd4 d6 5. Nc3 a6 6. Be3 e6 7. Be2 Nf6 8. 0-0 Be7 9. Qd2 0-0 10. Rad1 Qc7 11. h3 Ne8 12. Nf3 f5 13. exf5 Rxf5 14. Nh2 Ne5 15. Ne4 Bd7 16. Ng3 Rf8 17. Rc1 Bc6 18. c3 Nf6 19. Rfe1 d5 20. Bf4 Bd6 21. Be3 Rad8 22. Red1 Ng6 23. Qe1 Nh4 24. Bg5 Nf5 25. Nhf1 Bc5 26. Kh1 Nxg3+ 27. Nxg3 Bxf2 28. Qxf2 Ne4 29. Qe3 Qxg3 30. h4 d4 31. cxd4 Nf2+ 32. Kg1 Qxg2# 0-1

[Event "Berlin Hellersdorf op"]
[Site "Berlin"]
[Date "2010.01.09"]
[Round "2"]
[White "Wendlandt, Ralph"]
[Black "Zelanti, Markus"]
[Result "1-0"]
[WhiteElo "1727"]
[BlackElo "1352"]
[PlyCount "86"]
[EventDate "2010.01.08"]
[EventType "swiss"]
[EventRounds "5"]
[EventCountry "GER"]
[SourceTitle "EXT 2012"]
[Source "ChessBase"]
[SourceDate "2011.11.24"]
[SourceVersion "1"]
[SourceVersionDate "2011.11.24"]
[SourceQuality "1"]

1. d4 f5 2. c4 Nf6 3. Nc3 e6 4. Nf3 Bb4 5. Bd2 0-0 6. e3 b6 7. Be2 Bb7 8. Qc2 Qe8 9. 0-0-0 c5 10. a3 Bxc3 11. Bxc3 Ne4 12. Rhf1 Nxc3 13. Qxc3 Nc6 14. d5 exd5 15. cxd5 Ne7 16. d6 Nc8 17. Bc4+ Kh8 18. Ng5 Rf6 19. Rg1 Qg6 20. h4 h6 21. f4 a5 22. Qe5 Na7 23. Qe7 b5 24. Bf7 Nc6 25. Qxd7 Rxf7 26. Nxf7+ Kh7 27. Qxb7 Rf8 28. Ne5 Nxe5 29. fxe5 Qg3 30. Qf3 Qxe5 31. d7 Rd8 32. Rd5 Qf6 33. Qxf5+ Qxf5 34. Rxf5 Rxd7 35. Rxc5 Rb7 36. Rd1 b4 37. Rxa5 bxa3 38. Rxa3 Rb4 39. Rd4 Rb5 40. Ra7 Rb6 41. Rdd7 Rg6 42. Rxg7+ Rxg7 43. Rxg7+ Kxg7 1-0